| 000 | 00767nam a2200229 i 4500 | ||
|---|---|---|---|
| 001 | 75126 | ||
| 003 | ES-MaACL | ||
| 005 | 20230906172338.0 | ||
| 007 | t| | ||
| 008 | 040922s1988 xxk |||| | eng d | ||
| 020 | _a0-521-30532-2 | ||
| 100 | 1 |
_aGoodman, David. _959105 |
|
| 245 | 1 | 0 |
_aPower and penury _b: government, technology and science in Philip II's Spain / _cDavid C. Goodman. |
| 260 |
_aCambridge : _bCambridge University Press, _c1988. |
||
| 300 |
_aXI, 275 p. : _bil. ; _c24 cm. |
||
| 500 | _aÍndice. | ||
| 504 | _aBibliografía: p. [265]-270. | ||
| 650 | 4 |
_aCiencia renacentista- _zEspaña. _9167978 |
|
| 650 | 4 |
_aTecnología- _zEspaña- _yS.XVI. _9167977 |
|
| 651 | 4 |
_aEspaña- _xHistoria- _y1556-1598, Felipe II. _98218 |
|
| 852 |
_aES-MaACL _jL-12289 |
||
| 999 |
_c75126 _d75126 |
||